| 000 | 00338nam a22001337a 4500 | ||
|---|---|---|---|
| 020 | _a9781799831754. | ||
| 040 | _cNUST | ||
| 082 |
_a658.314 _bKOC |
||
| 100 |
_aKoc, Erdinc _980883 |
||
| 245 | _aInternet of Things (IoT) Application for Enterprise Productivity | ||
| 260 |
_aUSA _b IGI Global _c2020 |
||
| 300 | _a357P | ||
| 942 |
_2ddc _cBK |
||
| 999 |
_c585766 _d585766 |
||